Statistics for Flags of North and South America Quiz

Click here to take the quiz!

General Stats

  • This quiz has been taken 65,182 times
  • The average score is 21 of 35

Answer Stats

Answer % Correct
Canada
100%
United States
100%
Mexico
98%
Brazil
97%
Jamaica
95%
Argentina
89%
Colombia
82%
Uruguay
79%
Venezuela
76%
Chile
72%
Cuba
69%
Ecuador
67%
Panama
66%
Barbados
63%
Trinidad & Tobago
57%
Honduras
56%
Peru
51%
Costa Rica
50%
Dominican Republic
49%
Guatemala
48%
Bahamas
47%
Nicaragua
47%
Paraguay
47%
El Salvador
45%
St. Lucia
43%
Belize
40%
Haiti
40%
Antigua and Barbuda
40%
Guyana
39%
Dominica
38%
Bolivia
36%
Suriname
36%
St. Kitts and Nevis
34%
Grenada
33%
St. Vincent and the Grenadines
33%

Score Distribution

Percentile by Number Answered

Percent of People with Each Score

Your Score History

You have not taken this quiz